Reasonable adjustments policy (Record no. 122067)

MARC details
000 -LEADER
fixed length control field 01027nam a22002177a 4500
008 - FIXED-LENGTH DATA ELEMENTS--GENERAL INFORMATION
fixed length control field 241203t2024 xxk|||||o|||| 00| 0 eng d
041 ## - LANGUAGE CODE
Language code of text/sound track or separate title eng
110 ## - MAIN ENTRY--CORPORATE NAME
Corporate author Royal Institution of Chartered Surveyors
245 ## - TITLE STATEMENT
Title Reasonable adjustments policy
Subtitle (members)
Medium [Electronic resource]
260 ## - PUBLICATION INFORMATION
Place of publication London,
Publisher Royal Institution of Chartered Surveyors,
Date September 2024
490 ## - SERIES TITLE
Series statement RICS Regulation
520 ## - ABSTRACT
Abstract This policy sets out RICS’ approach to making sure that the services, products and support <br/>it offers are available to all, regardless of disability or need, through the application of <br/>reasonable adjustments and special considerations where necessary
650 ## - KEYWORDS
Keywords DIVERSITY
650 ## - KEYWORDS
Keywords DISABILITY
650 ## - KEYWORDS
Keywords INCLUSIVITY
650 ## - KEYWORDS
Keywords EQUALITY ACT 2010
651 ## - SUBJECT ADDED ENTRY--GEOGRAPHIC NAME
Geographic name International
710 ## - ADDED CORPORATE NAME
Added corporate author Royal Institution of Chartered Surveyors
856 ## - ONLINE RESOURCE
Uniform Resource Identifier <a href="https://www.rics.org/content/dam/ricsglobal/documents/to-be-sorted/Reasonable-adjustments-policy-members.pdf">https://www.rics.org/content/dam/ricsglobal/documents/to-be-sorted/Reasonable-adjustments-policy-members.pdf</a>
Public note Available free on RICS.org
942 ## - ADDED ENTRY ELEMENTS (KOHA)
Suppress in OPAC Do not suppress in OPAC
Holdings
Lost status Damaged status Not for loan Current library Shelving location Date acquired Total Checkouts Full call number Date last seen Price effective from Koha item type
      Virtual Online 03/12/2024   ONLINE PUBLICATION 03/12/2024 03/12/2024 Online material